<?xml version="1.0" encoding="UTF-8"?>
<record
    xmlns:xsi="http://www.w3.org/2001/XMLSchema-instance"
    xsi:schemaLocation="http://www.loc.gov/MARC21/slim http://www.loc.gov/standards/marcxml/schema/MARC21slim.xsd"
    xmlns="http://www.loc.gov/MARC21/slim">

  <leader>01207nam a2200217Ia 4500</leader>
  <datafield tag="952" ind1=" " ind2=" ">
    <subfield code="0">0</subfield>
    <subfield code="1">0</subfield>
    <subfield code="2">lcc</subfield>
    <subfield code="4">0</subfield>
    <subfield code="7">0</subfield>
    <subfield code="a">08</subfield>
    <subfield code="b">08</subfield>
    <subfield code="d">2008-12-17</subfield>
    <subfield code="l">3</subfield>
    <subfield code="o">BF39 M66 2002</subfield>
    <subfield code="p">08 000208</subfield>
    <subfield code="r">2016-11-30</subfield>
    <subfield code="s">2016-11-30</subfield>
    <subfield code="t">1</subfield>
    <subfield code="w">2012-07-20</subfield>
    <subfield code="y">LB</subfield>
  </datafield>
  <datafield tag="952" ind1=" " ind2=" ">
    <subfield code="0">0</subfield>
    <subfield code="1">0</subfield>
    <subfield code="2">lcc</subfield>
    <subfield code="4">0</subfield>
    <subfield code="7">0</subfield>
    <subfield code="a">08</subfield>
    <subfield code="b">08</subfield>
    <subfield code="d">2016-11-10</subfield>
    <subfield code="l">3</subfield>
    <subfield code="o">BF39 M66 2005</subfield>
    <subfield code="p">08 006102</subfield>
    <subfield code="r">2020-02-19</subfield>
    <subfield code="s">2020-02-19</subfield>
    <subfield code="t">2</subfield>
    <subfield code="w">2017-01-09</subfield>
    <subfield code="y">LB</subfield>
  </datafield>
  <datafield tag="999" ind1=" " ind2=" ">
    <subfield code="c">81354</subfield>
    <subfield code="d">81354</subfield>
  </datafield>
  <controlfield tag="008">120721s2005    mx            000 0 spa d</controlfield>
  <datafield tag="020" ind1=" " ind2=" ">
    <subfield code="a">9682433126</subfield>
  </datafield>
  <datafield tag="050" ind1="0" ind2="4">
    <subfield code="a">BF39</subfield>
    <subfield code="b">M66 2005</subfield>
  </datafield>
  <datafield tag="100" ind1="1" ind2="0">
    <subfield code="a">Morales, Maria Luisa</subfield>
    <subfield code="e">autor</subfield>
  </datafield>
  <datafield tag="245" ind1="1" ind2="3">
    <subfield code="a">Psicometr&#xED;a aplicada</subfield>
    <subfield code="c"> / Maria Luisa Morales</subfield>
  </datafield>
  <datafield tag="250" ind1=" " ind2=" ">
    <subfield code="a">2a edici&#xF3;n</subfield>
  </datafield>
  <datafield tag="260" ind1=" " ind2=" ">
    <subfield code="a">M&#xE9;xico</subfield>
    <subfield code="b"> : Trillas</subfield>
    <subfield code="c"> , 2005</subfield>
  </datafield>
  <datafield tag="300" ind1=" " ind2=" ">
    <subfield code="a">254 p&#xE1;ginas </subfield>
    <subfield code="b">: ilustraciones</subfield>
  </datafield>
  <datafield tag="490" ind1=" " ind2=" ">
    <subfield code="a">Biblioteca T&#xE9;cnica de Psicolog&#xED;a</subfield>
  </datafield>
  <datafield tag="504" ind1=" " ind2=" ">
    <subfield code="6">Incluye bibliograf&#xED;a (pp.247-249)</subfield>
  </datafield>
  <datafield tag="505" ind1="1" ind2=" ">
    <subfield code="a">Aplicaci&#xF3;n de la teor&#xED;a psicom&#xE9;trica a los diversos campos de la Psicolog&#xED;a
Unidades de medici&#xF3;n psicol&#xF3;gica y normas de calificaci&#xF3;n
Aplicaci&#xF3;n de las pruebas psicol&#xF3;gicas a la medici&#xF3;n de la inteligencia
Medici&#xF3;n de habilidades m&#xFA;ltiples
La medici&#xF3;n psicol&#xF3;gica aplicada al desarrollo del ni&#xF1;o en sus diversas etapas: infante, preescolar y escolar
La medici&#xF3;n en el campo de la Psicolog&#xED;a cl&#xED;nica</subfield>
  </datafield>
  <datafield tag="519" ind1=" " ind2=" ">
    <subfield code="a">Plan Flexible /</subfield>
    <subfield code="b">Psicolog&#xED;a /</subfield>
    <subfield code="c">An&#xE1;lisis e Interpretaci&#xF3;n de Datos Psicol&#xF3;gicos (P23-3)  /</subfield>
    <subfield code="d">(08 000208)</subfield>
  </datafield>
  <datafield tag="650" ind1="1" ind2="4">
    <subfield code="a">1. Psicometr&#xED;a</subfield>
  </datafield>
  <datafield tag="942" ind1=" " ind2=" ">
    <subfield code="2">lcc</subfield>
    <subfield code="c">LB</subfield>
  </datafield>
</record>
